| 000 | 00538nam a2200217Ia 4500 | ||
|---|---|---|---|
| 005 | 20260429112212.0 | ||
| 008 | 260429s9999||||xx |||||||||||||| ||und|| | ||
| 020 | _a9781260085303 | ||
| 041 | _aEnglish | ||
| 082 |
_a540 _bBAU |
||
| 100 | _aBauer | ||
| 245 | 0 |
_aIntroduction to chemistry / _cBauer |
|
| 250 | _a5th ed. | ||
| 260 |
_aNew York : _bMcGraw-Hill Education, _c2019. |
||
| 300 | _axxvi, I-10 p.; pbk | ||
| 650 | _a Introductory chemistry | ||
| 650 | _aChemistry | ||
| 700 | _a Birk | ||
| 700 | _a Marks | ||
| 942 | _cTB | ||
| 999 |
_c52872 _d52872 |
||